000 00541nam a2200169 i 4500
001 21300
003 ES-MaACL
005 20230906152445.0
007 t|
008 021122s1956 sp ||||1| spa d
100 1 _aAdams, Orville L.
_918399
245 1 0 _aMotor diesel /
_cpor Orville L. Adams ; versión de la 2ª ed. inglesa por Enrique Freixa.
260 _aBarcelona :
_bGustavo Gili,
_c1956 (
_fGrafos)
300 _a2 h., 596 p. :
_bil. ;
_c25 cm.
700 1 _aFreixa Pedrals, Enrique.
_952477
852 _aES-MaACL
_jC-11709
_bR.39588
999 _c21300
_d21300